| 000 | 00761nam a2200241Ia 4500 | ||
|---|---|---|---|
| 003 | OSt | ||
| 005 | 20220925230516.0 | ||
| 006 | a|||||r|||| 00| 0 | ||
| 007 | ta | ||
| 008 | 220923b |||||||| |||| 00| 0 eng d | ||
| 037 | _cGeneral Book | ||
| 040 |
_aRTL _cRTL _beng |
||
| 041 |
_2eng _aeng |
||
| 082 | _aX.3.N68<--L50, K8;2/TD3 | ||
| 100 |
_aHobsbawm E J _991248 |
||
| 245 | 0 |
_aIndustry and empire _b An economic history of Britain since 1750sincec 1750 |
|
| 260 |
_aLondon _bWeidenfeld and Nicolson _c1968 |
||
| 300 |
_a336p. _ccm. |
||
| 500 | _aBibliography: P 316-319 | ||
| 650 |
_aEconomic Conditions Great Britain _9232317 |
||
| 942 |
_hX.3.N68<--L50, K8;2/TD3 _cGB _2CC |
||
| 999 |
_c585792 _d585792 |
||